| 000 | 00520nam a2200145 a 4500 | ||
|---|---|---|---|
| 001 | 000031833 | ||
| 003 | DO-SdBNP | ||
| 005 | 20231030103259.0 | ||
| 008 | 110706s1974 dr 000 0 spa d | ||
| 040 |
_aDO-SdBNP _bspa _cBNPHU |
||
| 245 | 0 | 0 | _aDiscurso pronunciado por el excelentísimo señor presidente de la República Doctor Joaquín Balaguer en el Congreso Nacional, el día 27 de febrero de 1974. |
| 260 |
_aSanto Domingo : _bPresidencia de la República, _c1974. |
||
| 300 |
_a55 p. ; _c22 cm. |
||
| 942 |
_2ddc _cLBS1 |
||
| 999 |
_c31325 _d31325 |
||